00498 a2200169 450000100060000008200150000609000170002110000160003824500580005425000060011226000330011830000180015150000190016994200250018899900190021395200960023292023 a530.11 SKI c43980d43979 aRay Skinner aRelativity for Scientists and EngineerscSkinner, Ray a1 aUSAbDover Publicationc2014 axiv,355p.bPb aReference book aCAE NUSTk530.11 SKI c327096d327096 001040708NFICaCAEbCAEd2017-04-03l0o530.11 SKIpCAE88425r2017-04-05w2017-04-05yBK